La impresionante vida de un seductor Porfirio Rubirosa : (Registro nro. 14186)

Detalles MARC
000 -LIDER
fixed length control field 02399nam a2200313 4500
001 - NÚMERO DE CONTROL
Identificador de número de control
003 - IDENTIFICACDOR DE NÚMERO DE CONTROL
control field DO-SdBNP
005 - DATE AND TIME OF LATEST TRANSACTION
control field 20220505102832.0
008 - ELEMENTOS DE LONGITUD FIJA
fixed length control field 010831s2005 dr a b 001 0bspa
010 ## - NUMERO DE CONTROL DE BIBLIOTECA DEL CONGRESO
LC control number 2001429096
020 ## - ISBN
International Standard Book Number 9993429201
040 ## - FUENTE DE CATALOGACIÓN
Agencia que crea de manera original el registro BPMSU
Idioma de catalogación spa
Agencia que realiza la transcripción BPMSU
Agencia que realiza la modificación
082 ## - NÚMERO DE CLASIFICACIÓN DECIMAL DE DEWEY
Edition number 22
Classification number 923.2097293
Item number R896C 2005
100 1# - ASIENTO PRINCIPAL -- NOMBRE PERSONAL
Nombre personal Collado, Lipe,
Fechas asociadas con el nombre 1947-
245 13 - MENCIÓN DE TITULO
Título La impresionante vida de un seductor Porfirio Rubirosa :
Subtítulo de cómo un dominicano se convirtió en chulo del Jet Set internacional /
Mención de responsabilidad Lipe Collado.
246 30 - VARIACION DEL TÍTULO
Título propiamente dicho o título corto Porfirio Rubirosa
246 30 - VARIACION DEL TÍTULO
Título propiamente dicho o título corto Rubirosa
260 ## - PUBLICACIÓN, DISTRIBUCIÓN, ETC. (PIE DE IMPRENTA)
Lugar de publicación, distribución, etc [Dominican Republic :
Nombre del editor, distribuidor, etc. s.n.,
Fecha de publicación, distribución, etc 2001]
Lugar de impresión (Santo Domingo, República Dominicana :
Impresor Editora Collado)
300 ## - DESCRIPCIÓN FÍSICA
Extensión 1 v. (various pagings) :
Otros detalles físicos ill. ;
Dimensiones 23 cm.
500 ## - NOTA GENERAL
Materiales especificados Incluye datos biográficos del autor en la solapa de la cubierta
504 ## - NOTA DE BIBLIOGRAFÍA, ETC.
Bibliography, etc Incluye bibliografía e índice
505 0# - NOTA DE CONTENIDO
Texto normalizado de contenido Parte I : Características del Don Juan o Casanova o Playboy 7 -- Magnetismo y misterio de un seductor 11 -- Un chulo exitoso 16 -- Lo que dijeron las mujeres de Rubirosa 23 -- Bajo el signo de acuario 31 -- De polizonte entre las máquinas de un barco 47 -- Rubirosa en el ejército 51 -- Su primera gran seducción 55 -- Matrimonio Rubirosa y flor de oro 63 -- Bienestar y amargura 69 -- Antecedentes del crimen de Bencosme 77 -- El supuesto asesinato de un polaco 83 -- Un deportista nato 87 -- Peregrinaje de un soldado del amor 91 -- Danielle Darrieux 93 -- Doris Duke en las garras del tíguere 99 -- Un zarpazo felino: cae Bárbara Hutton 109 -- Zsa Zsa Gabor: en las redes de Rubirosa 115 -- El afrodisíaco pega palo y Porfirio Rubirosa 121 -- Magnetismo y sexo en Rubirosa 125 -- Porfilio Rubirosa en Cuba 131 -- Circularidad en las vidas de Rubi y Ramfis 137 -- Rubirosa, Ramfis y los Estados Unidos 141 -- El "suicidio" de Porfirio Rubirosa 149 -- El tíquere Rubirosa 155 -- Trujillo y Rubirosa; dos tíqueres 159 -- Anécdotas y decires sobre Rubirosa 167 -- Parte II -- <<Mis memorias>>, por Porfirio Rubirosa 1-127 -- Parte III : Anexos 1-16 -- Cronología de la vida de Porfirio Rubirosa -- Índice Onomásticco.
590 ## - NOTA LOCAL
Enlace Inventariado, 2022/VM
600 14 - ENCABEZAMIENTO DE MATERIA--NOMBRE PERSONAL
Nombre personal Rubirosa, Porfirio,
Fechas asociadas con el nombre 1909-1965.
Subdivisión de forma Biografías
600 14 - ENCABEZAMIENTO DE MATERIA--NOMBRE PERSONAL
Nombre personal Rubirosa, Porfirio,
Fechas asociadas con el nombre 1909-1965
Subdivisión temática general Relaciones con mujeres
650 #4 - ENCABEZAMIENTO DE MATERIA--TEMÁTICO
Término temático o nombre geográfico como elemento de entrada Diplomáticos dominicanos
Subdivisión de forma Biografías
Subdivisión geográfica
910 ## - VALIDACIÓN
Validación VMateo V.
942 ## - ADDED ENTRY ELEMENTS (KOHA)
Source of classification or shelving scheme Dewey Decimal Classification
Koha item type Libros
Existencias
Withdrawn status Lost status Source of classification or shelving scheme Damaged status Not for loan Collection code Home library Current library Date acquired Source of acquisition Total Checkouts Full call number Barcode Date last seen Price effective from Koha item type Copy number
    Dewey Decimal Classification     Colección Dominicana Biblioteca Pública Metropolitana Salomé Ureña Biblioteca Pública Metropolitana Salomé Ureña 05/05/2022 Fundación Juan Bosch   BPMSU CD 923.2097293 R896C 2005 BPMSU22050013 05/05/2022 05/05/2022 Libros  
    Dewey Decimal Classification     Colección Dominicana Biblioteca Pública Metropolitana Salomé Ureña Biblioteca Pública Metropolitana Salomé Ureña 05/05/2022 Fundación Juan Bosch   BPMSU CD 923.2097293 R896C 2005 BPMSU22050014 05/05/2022 05/05/2022 Libros e.2
    Dewey Decimal Classification     Colección Dominicana Biblioteca Pública Metropolitana Salomé Ureña Biblioteca Pública Metropolitana Salomé Ureña 05/05/2022 Fundación Juan Bosch   BPMSU CD 923.2097293 R896C 2005 BPMSU22050015 05/05/2022 05/05/2022 Libros e.3